[Event "DEM U14w 2015"]
[Site "Willingen GER"]
[Date "2015.05.30"]
[Round "9"]
[White "Suhr, Saskia"]
[Black "Möller, Lisa-Marie"]
[Result "1/2-1/2"]
[Termination "normal"]
[Board "12"]
[WhiteElo "821"]
[BlackElo "1493"]
[PlyCount "49"]
[WhiteFideId "16208803"]
[BlackFideId "12959367"]
[EventCountry "GER"]
[EventRounds "9"]
[EventType "swiss"]
[EventDate "2015.05.23"]

1. d4 c5 2. e3 Nf6 3. Nd2 d6 4. Ngf3 g6 5. c3 Bg7 6. Bd3 O-O 7. O-O b6 8. e4
cxd4 9. cxd4 Bb7 10. Bc2 Nc6 11. e5 dxe5 12. dxe5 Ng4 13. e6 f5 14. Re1 Nd4 15.
h3 Nxc2 16. Qxc2 Nf6 17. Ng5 Qd5 18. Ndf3 Ne4 19. Qc7 Nxg5 20. Bxg5 Rfe8 21.
Rad1 Qc6 22. Rd7 Qxc7 23. Rxc7 Bxf3 24. gxf3 Kf8 25. b4 1/2-1/2

[Event "DEM U14w 2015"]
[Site "Willingen GER"]
[Date "2015.05.30"]
[Round "9"]
[White "Walow, Xenia"]
[Black "Albert, Eske"]
[Result "1-0"]
[Termination "normal"]
[Board "13"]
[WhiteElo "1509"]
[BlackElo "964"]
[PlyCount "123"]
[WhiteFideId "12971839"]
[BlackFideId "12991813"]
[EventCountry "GER"]
[EventRounds "9"]
[EventType "swiss"]
[EventDate "2015.05.23"]

1. d4 d5 2. Bf4 c6 3. Nf3 Nf6 4. e3 Bf5 5. Bd3 Bg6 6. c3 Qb6 7. b3 e6 8. Qc2
Bxd3 9. Qxd3 Ne4 10. Nbd2 Nxd2 11. Qxd2 Be7 12. O-O O-O 13. Qd3 h6 14. Kh1 Qd8
15. e4 Nd7 16. e5 Re8 17. Rg1 Nf8 18. g4 Nh7 19. Qe3 g5 20. Bg3 Rf8 21. Nd2 Kh8
22. Raf1 Rc8 23. f3 Rc7 24. Be1 Rg8 25. Rg3 Rg7 26. Rh3 Rg6 27. Bg3 Kg8 28. Rh5
Kf8 29. Rg1 Ke8 30. Bf2 Kd7 31. b4 b5 32. Nb3 Kc8 33. Nc5 Bxc5 34. bxc5 f6 35.
exf6 Qxf6 36. Rh3 Qf4 37. Qd3 Rf6 38. Be3 Qxf3+ 39. Rxf3 Rxf3 40. Rf1 Rxf1+ 41.
Qxf1 Kd8 42. h3 Ke8 43. Qb1 Rf7 44. Qg6 Ke7 45. Qxh6 a6 46. Bxg5+ Nf6 47. Bxf6+
Rxf6 48. Qg5 Kf7 49. h4 Rg6 50. Qf4+ Rf6 51. Qc7+ Kg6 52. Qxc6 a5 53. Qe8+ Rf7
54. h5+ Kg7 55. g5 Rf8 56. Qg6+ Kh8 57. h6 Rg8 58. Qf6+ Kh7 59. c6 b4 60. c7
bxc3 61. c8=R Rg7 62. Qxg7# 1-0